|
|
|
|
| LEADER |
00697pam a22002178a 4500 |
| 001 |
00037785 |
| 005 |
20171026081025.0 |
| 008 |
170514s2005 ||||||Viesd |
| 041 |
0 |
# |
|a Vie
|
| 082 |
1 |
4 |
|a 796.334
|b L504B
|
| 110 |
1 |
# |
|a Ủy ban thể dục thể thao
|
| 245 |
1 |
0 |
|a Luật bóng đá
|c Ủy ban thể dục thể thao
|
| 260 |
# |
# |
|a Hà Nội
|b Thể dục thể thao
|c 2005
|
| 300 |
# |
# |
|a 39tr.
|
| 653 |
# |
# |
|a Luật bóng đá
|
| 852 |
# |
# |
|b Kho mượn
|j KM.0022441
|
| 852 |
# |
# |
|b Kho đọc
|j KD.0021494
|
| 852 |
# |
# |
|j KD.0021494
|j KM.0022441
|
| 910 |
|
|
|d 14/05/2017
|
| 980 |
# |
# |
|a Trung tâm Học liệu Lê Vũ Hùng, Trường Đại học Đồng Tháp
|